ADM HANDBOOK, VOL-1, ADM PRECIS. VOL-1 (Record no. 570590)

000 -LEADER
fixed length control field 00397nam a22001337a 4500
082 ## - DEWEY DECIMAL CLASSIFICATION NUMBER
Classification number 355.6 ADM
100 ## - MAIN ENTRY--PERSONAL NAME
Personal name ARMY SCHOOLS OF LOGISTICS ASL
9 (RLIN) 61016
245 ## - TITLE STATEMENT
Title ADM HANDBOOK, VOL-1, ADM PRECIS. VOL-1
250 ## - EDITION STATEMENT
Edition statement 2003
260 ## - PUBLICATION, DISTRIBUTION, ETC.
Place of publication, distribution, etc. KULDANA
Name of publisher, distributor, etc. ARMY SCHOOLS OF LOGISTICS
Date of publication, distribution, etc. 2003
300 ## - PHYSICAL DESCRIPTION
Extent VOL-1
650 ## - SUBJECT ADDED ENTRY--TOPICAL TERM
Topical term or geographic name entry element ARMY SCHOOL OF LOGISTICS.ASL.KULDANA. ADM HANDBOOK.ADM PRECIS
9 (RLIN) 11310
942 ## - ADDED ENTRY ELEMENTS (KOHA)
Koha item type Book
Holdings
Withdrawn status Lost status Damaged status Not for loan Permanent Location Current Location Shelving location Date acquired Total Checkouts Full call number Barcode Date last seen Price effective from Koha item type
        College of Electrical & Mechanical Engineering (CEME) College of Electrical & Mechanical Engineering (CEME) General Stacks 07/20/2017   355.6 ADM CEME-38180 06/28/2021 06/28/2021 Book
© 2023 Central Library, National University of Sciences and Technology. All Rights Reserved.